=LDR 00000nam 2200000 4500 =001 INLIS000000000018874 =005 20200827120030 =035 ##$$a 0010-061300000018874 =008 200827################g##########0#ind## =041 ##$$a Ind =082 ##$$a 2x7.3 =090 ##$$a 2x7.3, Nur m =100 ##$$a Nuruddin, Sayid Abbas =245 1#$$a Menerbitkan cahaya diri : $b Sebuah risalah sufistik tentang pendidikan jiwa /$c Sayid Abbas Nuruddin =260 ##$$a Jakarta :$b Lentera,$c 2002. =300 ##$$a 178 hlm. ; $c 20 x 12 cm =650 #4$$a Iman Kepada Alah =850 ##$$a NBPNMAT =020 ##$$a 979-8880-97-8 =084 ##$$a 2x7.3 NUR m =250 ##$$a cet.2 =990 ##$$a 10311482